000 00425nam a2200169Ia 4500
008 230524s9999 xx 000 0 und d
020 _a8120316231
082 _a621.4021
_bRAT
100 _aE.Rathakrishanan
245 0 _aFundamentals of Engineering Thermodynamics
250 _a1ST
260 _aNEW DELHI
_bPHI
_c2003
300 _aXII;642
500 _aQuantity Number: 80
650 _aThermodynamics
942 _cBK
999 _c13602
_d13602